000 00736nam a2200229 a 4500
001 39841
003 BD-RjUL
005 20211209053054.0
008 160419s2010 ||||e |||| 00| 0 d
020 _a9789848837214
_c: TK.93.75
035 _a(BD-RjUL)39955
040 _aBD-RjUL
_bben
_cBD-RjUL
041 _aben
082 _223
_bRAO 2010
_a509
100 _aরতন, রজিউদ্দীন
_9122737
245 1 0 _aঅণুজীবের পৃথিবী /
_cরজিউদ্দীন রতন
260 _aঢাকা :
_bশুদ্ধস্বর,
_c২০১০
300 _a৭৫ পৃ. ;
_c২২ সেমি.
650 _aবিজ্ঞান
_9122742
650 _aScience
_9122743
942 _2ddc
_cBK
999 _c39841
_d39841